00907cam a2200253 a 4500001000800000003000400008005001700012007000400029008004100033010001700074020001500091040001900106050002100125082001400146100002800160245012400188250001200312260012700324300003500451440003200486504006800518650002600586740004100612492325900020170822131855.0000950106s1995 enka b 001 0 eng  a 95001462  a0470234989 aUOELcDLCdDLC00aHD75b.H475 199500a338.92201 aHettne, Björn,d1939-10aDevelopment theory and the three worlds :btowards an international political economy of development /cBjörn Hettne. a2nd ed. aEssex, England :bLongman Scientific & Technical ;aNew York, NY :bCopublished in the United States by John Wiley,c1995. axiii, 319 p. :bill. ;c22 cm. 0aLongman development studies aIncludes bibliographical references (p. [289]-312) and indexes. 0aEconomic development.0 aDevelopment theory and the 3 worlds.